Curso de finanzas, derecho financiero y tributario (Registro nro. 1827)

Detalles MARC
000 -LEADER
fixed length control field 01825 a2200217 4500
001 - CONTROL NUMBER
control field 29275
005 - DATE AND TIME OF LATEST TRANSACTION
control field 20260407155601.0
008 - FIXED-LENGTH DATA ELEMENTS--GENERAL INFORMATION
fixed length control field 260407a1975 arg spa d
003 - CONTROL NUMBER IDENTIFIER
control field AR-UNSa-BCEJYS
040 ## - CATALOGING SOURCE
Original cataloging agency AR-UNSa-BCEJYS
Language of cataloging spa
Transcribing agency AR-UNSa-BCEJYS
080 ## - UNIVERSAL DECIMAL CLASSIFICATION NUMBER
Universal Decimal Classification number 336.2
Common auxiliary subdivision Ingresos públicos (Derecho tributario)
041 ## - LANGUAGE CODE
Language code of text/sound track or separate title spa
100 1# - MAIN ENTRY--PERSONAL NAME
Personal name Villegas, Héctor Belisario
245 10 - TITLE STATEMENT
Title Curso de finanzas, derecho financiero y tributario
250 ## - EDITION STATEMENT
Edition statement 2a. ed.
264 #1 - PRODUCTION, PUBLICATION, DISTRIBUTION, MANUFACTURE, AND COPYRIGHT NOTICE
Place of production, publication, distribution, manufacture Buenos Aires :
Name of producer, publisher, distributor, manufacturer Depalma
Date of production, publication, distribution, manufacture, or copyright notice 1975
300 ## - PHYSICAL DESCRIPTION
Extent xxii, 691 p.
Dimensions 22 cm.
505 ## - FORMATTED CONTENTS NOTE
Formatted contents note 1. Ciencia de las finanzas y actividad financiera - 2. Los gastos públicos - 3. Los recursos del Estado - 4. Los tributos. El impuesto - 5. Los tributos (cont.). Las tasas. Las contribuciones especiales. Las contribuciones parafiscales - 6. Derecho financiero y derecho tributario - 7. Interpretación y aplicación de la Ley tributaria - 8. Derecho constitucional tributario - 9. Derecho tributario material - 10. Derecho tributario formal - 11. Derecho procesal tributario - 12. Derecho penal tributario - 13. Derecho internacional tributario - 14. Sistema tributario - 15. Impuesto a la renta - 16. Impuesto al patrimonio - 17. Impuesto al enrequecimiento patrimonial a título gratuito - 18. Impuesto inmobiliario - 19. Impuesto a la renta normal potencial de la tierra - 20. Impuestos a la circulación. Impuesto de sellos. Régimen de emisión y registro de documentos. Impuesto de justicia - 21. Impuesto al valor agregado - 22. Impuesto al ejercicio de actividades con fines de lucro. Impuesto a la educación técnica - 23. Impuestos aduaneros - 24. Impuestos internos. El impuestos al gasto - 25. El crédito público - 26. El presupuesto - 27. Política financiera y política fiscal o tributaria
590 ## - LOCAL NOTE (RLIN)
Local note niveau_biblio:m niveau_hierar:0
942 ## - ADDED ENTRY ELEMENTS (KOHA)
Koha item type
Existencias
Withdrawn status Lost status Damaged status Not for loan Home library Current library Shelving location Date acquired Total checkouts Full call number Barcode Date last seen Price effective from Koha item type
        Biblioteca Prof. Eusebio Cleto del Rey Biblioteca Prof. Eusebio Cleto del Rey   07/04/2026   336.2 V728 2ed. L26355 07/04/2026 07/04/2026 Libro
        Biblioteca Prof. Eusebio Cleto del Rey Biblioteca Prof. Eusebio Cleto del Rey   07/04/2026   336.2 V728 2ed. L26740 07/04/2026 07/04/2026 Libro